Normal view
MARC view
Entry Personal Name
001 - CONTROL NUMBER
- control field: 29064
003 - CONTROL NUMBER IDENTIFIER
- control field: OSt
005 - DATE AND TIME OF LATEST TRANSACTION
- control field: 20260615094125.0
008 - FIXED-LENGTH DATA ELEMENTS
- fixed length control field: 260615|| aca||aabn | a|a d
040 ## - CATALOGING SOURCE
- Original cataloging agency: OSt
- Transcribing agency: OSt
100 ## - HEADING--PERSONAL NAME
- Personal name: Blase Joseph
670 ## - SOURCE DATA FOUND
- Source citation: Work cat.: (OSt)24218: Blase Joseph, Handbook of instructional leadership, 2004
